Some developments in Japanese small business

Gorde:
Xehetasun bibliografikoak
Formatua: Liburua
Hizkuntza:Undetermined
Argitaratua: Tokyo 1969
Gaiak:
Etiketak: Etiketa erantsi
Etiketarik gabe, Izan zaitez lehena erregistro honi etiketa jartzen!
Thư viện lưu trữ: Trung tâm Học liệu Trường Đại học Cần Thơ
LEADER 00441nam a2200169Ia 4500
001 CTU_105636
008 210402s9999 xx 000 0 und d
082 |a 658.022 
082 |b S693 
245 0 |a Some developments in Japanese small business 
260 |a Tokyo 
260 |c 1969 
650 |a Small business 
650 |x Periodicals 
650 |z Japan 
904 |i Tuyến 
980 |a Trung tâm Học liệu Trường Đại học Cần Thơ